Enabling The Internet Of Value: How Blockchain Connects Global Businesses How Blockchain Connects Global Businesses (Record no. 42947)

MARC details
000 -LEADER
fixed length control field 00392nam a2200121Ia 4500
008 - FIXED-LENGTH DATA ELEMENTS--GENERAL INFORMATION
fixed length control field 241028s9999 xx 000 0 und d
041 ## - LANGUAGE CODE
Language code of text/sound track or separate title eng
082 ## - DEWEY DECIMAL CLASSIFICATION NUMBER
Classification number 001.4 VAD
100 ## - MAIN ENTRY--PERSONAL NAME
Personal name Vadgama Nikhil
245 ## - TITLE STATEMENT
Title Enabling The Internet Of Value: How Blockchain Connects Global Businesses How Blockchain Connects Global Businesses
260 ## - PUBLICATION, DISTRIBUTION, ETC.
Name of publisher, distributor, etc. Springer
Place of publication, distribution, etc. Switzerland
Date of publication, distribution, etc. 2022
300 ## - PHYSICAL DESCRIPTION
Extent 208;. P. 22 cm
Holdings
Withdrawn status Lost status Damaged status Not for loan Home library Current library Shelving location Date acquired Cost, normal purchase price Full call number Barcode Date last seen Cost, replacement price Price effective from Koha item type
        IMTN IMTN Rack 1-A 07/03/2024 6635.00 001.4 VAD 33376 10/28/2024 69.99 10/28/2024 Books
Designed & Maintained by: LRC IMT Nagpur Contact: lrc@imtnag.ac.in© 2024. All Rights Reserved.